00497nam a2200205 a 4500001001300000003000900013005001700022008004100039020000800080082001500088100002400103245002100127260003500148300000900183500003500192505001000227650001900237650001100256700002400267nice12345678IN_TiNIC20260116011524.0050524s1942 newa grp 000 0 eng  ac000a248.4bDUN aDunnington, Lewis L aHandles of Power aNew YorkbAbingdon Pressc1942 a213p aincludes index and biblioraphy2 aIndex aChristian-Life aPrayer1 aDunnington, Lewis L